[Event "It"]
[Site "Miskolc HUN"]
[Date "2004.03.17"]
[Round "7"]
[White "Gyimesi,Z"]
[Black "Erdos,V"]
[Result "0-1"]
[WhiteElo "2553"]
[BlackElo "2468"]
[EventDate "2004.03.10"]

1. d4 d5 2. c4 c6 3. Nf3 Nf6 4. Nc3 a6 5. c5 Nbd7 6. Bf4 Nh5 7. e3 f6 8. b4
g6 9. Bg3 e5 10. e4 a5 11. exd5 axb4 12. dxc6 bxc6 13. Ne4 Nxg3 14. hxg3 f5
15. Neg5 e4 16. Ne6 Qe7 17. Bc4 Nf6 18. Qb3 exf3 19. O-O Bxe6 20. Bxe6 Bh6
21. Rfe1 Kf8 22. Bxf5 Qd8 23. Be4 Nxe4 24. Rxe4 Kg7 25. Rae1 Bg5 26. Qxb4
Ra7 27. Re6 Rf8 28. Rxc6 fxg2 29. Rd6 Qc8 30. Rde6 Rxa2 31. d5 Raxf2 32.
Qd4+ Kh6 33. c6 Qa6 34. Qxf2 Rxf2 35. Kxf2 Qa2+ 36. Kg1 Qxd5 37. R1e4 Qd2
38. Re2 Qd5 39. R2e4 Bd8 40. Kxg2 Bc7 41. Kh3 Qf5+ 42. Kg2 Qd5 43. Kh3 Kg5
44. Kg2 Kf5 45. g4+ Kg5 46. Kf3 Qd1+ 47. Kg2 Bf4 48. Re2 Qd5+ 0-1

[Event "It"]
[Site "Miskolc HUN"]
[Date "2004.03.17"]
[Round "7"]
[White "Goloshchapov,A"]
[Black "Nevednichy,V"]
[Result "1-0"]
[WhiteElo "2572"]
[BlackElo "2548"]
[EventDate "2004.03.10"]

1. e4 c5 2. c3 d6 3. d4 Nf6 4. Bd3 Nc6 5. dxc5 d5 6. Nd2 e6 7. Ngf3 dxe4 8.
Nxe4 Nxe4 9. Bxe4 Qxd1+ 10. Kxd1 Bxc5 11. Ke2 Bd7 12. Rd1 a5 13. Ng5 Nd8
14. Bd3 Bc6 15. Ne4 Be7 16. Bf4 f6 17. Nd6+ Kf8 18. Be4 e5 19. Be3 Bxe4 20.
Nxe4 Ne6 21. Rd7 f5 22. Nd6 Bxd6 23. Rxd6 Ke7 24. Rb6 f4 25. Rxb7+ Kf6 26.
Ba7 Rhd8 27. f3 h5 28. Rd1 Rxd1 29. Kxd1 g5 30. Bb8 a4 31. Rb5 Nc5 32.
Bxe5+ Kxe5 33. Rxc5+ Kf6 34. Rc6+ Kf5 35. Rc5+ Kf6 36. Rd5 Rb8 37. Kc2 Re8
38. h3 Re1 39. b4 1-0

[Event "It"]
[Site "Miskolc HUN"]
[Date "2004.03.17"]
[Round "7"]
[White "Varga,Zo"]
[Black "Antal,Ge"]
[Result "1/2-1/2"]
[WhiteElo "2564"]
[BlackElo "2498"]
[EventDate "2004.03.10"]

1. c4 e5 2. Nc3 Nf6 3. Nf3 Nc6 4. e3 Bb4 5. Qb3 a5 6. a3 Bxc3 7. Qxc3 e4 8.
Nd4 a4 9. Nxc6 dxc6 10. b4 axb3 11. Bb2 b6 12. Qxb3 Bf5 13. h3 h5 14. Be2
Qd6 15. Qc3 Ra5 16. Qb4 1/2-1/2

[Event "It"]
[Site "Miskolc HUN"]
[Date "2004.03.18"]
[Round "8"]
[White "Gyimesi,Z"]
[Black "Goloshchapov,A"]
[Result "1/2-1/2"]
[WhiteElo "2553"]
[BlackElo "2572"]
[EventDate "2004.03.10"]

1. d4 d5 2. c4 e6 3. Nf3 Nf6 4. Nc3 c6 5. Bg5 h6 6. Bxf6 Qxf6 7. e3 Nd7 8.
Bd3 dxc4 9. Bxc4 g6 10. O-O Bg7 11. Rc1 O-O 12. e4 e5 13. d5 Nb6 14. dxc6
bxc6 15. Be2 Rd8 16. Qc2 Bd7 17. Na4 Nxa4 18. Qxa4 Qe7 19. Qa5 Rdb8 20. b3
Qb4 21. Qxb4 Rxb4 22. Bc4 Kf8 23. Rfd1 Be8 24. Ne1 Ke7 25. Nd3 Rbb8 26. Ba6
Rb6 27. Nc5 Bf8 28. Bc4 Rbb8 29. Nd3 Bg7 30. f3 Rd8 31. Kf2 Rd4 32. Nb2
Rad8 33. Rxd4 Rxd4 34. Ke2 h5 35. Bd3 Kd6 36. Nc4+ Kc7 37. Rc3 f6 38. Ne3
Kb6 39. Nc2 Rd8 40. b4 Bf8 41. Ra3 Bf7 42. Ra6+ Kb7 43. Ra5 Bd6 44. a3 Bc7
45. Ba6+ Kb8 46. Rc5 Rd6 47. Bc4 Be8 48. Bb3 Bb6 49. Rc3 Bg1 50. h3 h4 51.
Ne3 Bxe3 52. Kxe3 g5 53. Rc5 Kb7 54. Bc2 Bf7 55. Bd3 1/2-1/2

[Event "It"]
[Site "Miskolc HUN"]
[Date "2004.03.18"]
[Round "8"]
[White "Erdos,V"]
[Black "Portisch,L"]
[Result "1/2-1/2"]
[WhiteElo "2468"]
[BlackElo "2573"]
[EventDate "2004.03.10"]

1. d4 d5 2. c4 e6 3. Nc3 Be7 4. cxd5 exd5 5. Bf4 c6 6. Qc2 Bg4 7. e3 Bh5 8.
Bd3 Bg6 9. Nge2 Na6 10. a3 Nf6 11. O-O Nc7 12. b4 1/2-1/2

[Event "It"]
[Site "Miskolc HUN"]
[Date "2004.03.18"]
[Round "8"]
[White "Prusikin,M"]
[Black "Balogh,C"]
[Result "1-0"]
[WhiteElo "2519"]
[BlackElo "2456"]
[EventDate "2004.03.10"]

1. d4 Nf6 2. Nf3 e6 3. g3 d5 4. Bg2 b5 5. O-O Bb7 6. c3 Nbd7 7. a4 b4 8.
cxb4 Bxb4 9. Bd2 c5 10. dxc5 Bxc5 11. b4 Be7 12. Bc3 O-O 13. Nbd2 Rc8 14.
Qb3 Bd6 15. Rfc1 e5 16. Bb2 Qb6 17. b5 Ng4 18. e3 Nc5 19. Rxc5 Qxc5 20. h3
Nf6 21. Nxe5 Qc2 22. Rd1 Rfe8 23. Nef3 Ne4 24. Nd4 Qc7 25. N2f3 Bf8 26. Ne1
Qa5 27. Nd3 Nd2 28. Qa2 Rc4 29. Ra1 Ne4 30. Qb3 Rec8 31. Ne5 Nxf2 32. Nxc4
dxc4 33. Qc3 Bb4 34. Qc2 Bxg2 35. Kxg2 Nd3 36. Nc6 Rxc6 37. bxc6 Qd5+ 38.
Kh2 Qxc6 39. Rf1 Bd6 40. Bd4 h5 41. Qg2 Qc7 42. Qa8+ Kh7 43. Qe4+ Kg8 44.
Qe8+ Bf8 45. h4 a6 46. Rf5 Qb7 47. Rxh5 1-0

[Event "It"]
[Site "Miskolc HUN"]
[Date "2004.03.18"]
[Round "8"]
[White "Antal,Ge"]
[Black "Firman,N"]
[Result "1-0"]
[WhiteElo "2498"]
[BlackElo "2526"]
[EventDate "2004.03.10"]

1. e4 d6 2. d4 Nf6 3. Nc3 g6 4. Be3 c6 5. Qd2 b5 6. f3 Nbd7 7. g4 Nb6 8. h4
h6 9. Bd3 e5 10. dxe5 dxe5 11. Rd1 b4 12. Nce2 h5 13. g5 Nfd7 14. Ng3 a5
15. f4 Na4 16. Rb1 Bc5 17. f5 Qb6 18. Bxc5 Qxc5 19. Nf3 Bb7 20. Qf2 Qxf2+
21. Kxf2 O-O-O 22. Rhd1 Rhf8 23. Ke3 Kc7 24. Bf1 Rde8 25. Rdc1 Nac5 26. b3
gxf5 27. exf5 Nb6 28. Bc4 Nd5+ 29. Bxd5 cxd5 30. Nxh5 d4+ 31. Ke2 Ne4 32.
Ng7 Kd6 33. Nxe8+ Rxe8 34. Rg1 Rc8 35. Rb2 Rc3 36. Ne1 Re3+ 37. Kf1 Ng3+
38. Kf2 Nxf5 39. g6 fxg6 40. Rxg6+ Kd5 41. Ng2 Rc3 42. Kg1 Ng3 43. Rg7 Bc6
44. Rb1 Ne2+ 45. Kh2 Rxc2 46. h5 Be8 47. Rd1 Rc6 48. Rh7 Ke4 49. Rh8 Bd7
50. h6 Rc3 51. Ne1 Rh3+ 52. Kg2 Nf4+ 53. Kf2 d3 54. Rg8 Rxh6 55. Nf3 Rh5
56. Rc1 Kd5 57. Ra8 Kd6 58. Ra6+ Ke7 59. Rxa5 Ng6 60. Rg1 Kf6 61. Ra6+ Be6
62. Rxg6+ 1-0

[Event "It"]
[Site "Miskolc HUN"]
[Date "2004.03.18"]
[Round "8"]
[White "Nevednichy,V"]
[Black "Varga,Zo"]
[Result "1/2-1/2"]
[WhiteElo "2548"]
[BlackElo "2564"]
[EventDate "2004.03.10"]

1. e4 Nf6 2. e5 Nd5 3. d4 d6 4. Nf3 g6 5. Bc4 c6 6. O-O Bg4 7. Nbd2 dxe5 8.
dxe5 Nd7 9. h3 Bxf3 10. Nxf3 e6 11. Re1 Bg7 12. Bf1 Qc7 13. c4 Ne7 14. Bf4
h6 15. Bd3 g5 16. Bg3 O-O-O 17. Qe2 Nf8 18. b4 Nfg6 19. b5 c5 20. Qc2 Rd7
21. a4 Rhd8 22. Be4 Qa5 23. Rab1 Kb8 24. Bh2 Kc8 25. g4 Kb8 26. Bg3 Kc8 27.
Qb3 Kb8 28. Qa3 Bf8 29. Kg2 Nc8 30. Qb3 Nb6 31. Rec1 Ne7 32. h4 Nec8 33.
hxg5 hxg5 34. Ra1 Be7 35. Qc3 Qxc3 36. Rxc3 Rd1 37. Ra2 Rh8 38. a5 Nd7 39.
Bc2 Rc1 40. Ng1 Kc7 41. Rf3 Rf8 42. Re3 Rh8 43. Rf3 Rf8 44. Ne2 Re1 45. Re3
Rh8 46. Be4 Rd1 47. Rf3 Rf8 48. Nc3 Rd4 49. b6+ axb6 50. a6 bxa6 51. Rxa6
Nb8 52. Nb5+ Kd7 53. Nxd4 Nxa6 54. Nb5 Nb4 55. Ra3 f5 56. exf6 Bxf6 57. Ra8
Nc6 58. Nc7 Nd4 59. Rb8 Be7 60. Nb5 Nxb5 61. Rb7+ Kd8 62. cxb5 Bd6 63. Bc6
Bxg3 64. Kxg3 c4 65. Rd7+ Ke8 66. Rd4+ Ke7 67. Rxc4 Na7 68. Bf3 Nxb5 69.
Rb4 Nd6 70. Rxb6 Rc8 71. Ra6 Rc3 72. Kg2 Nf7 73. Be4 Ne5 74. f3 Nd3 75.
Bxd3 Rxd3 1/2-1/2

[Event "It"]
[Site "Miskolc HUN"]
[Date "2004.03.19"]
[Round "9"]
[White "Goloshchapov,A"]
[Black "Erdos,V"]
[Result "1/2-1/2"]
[WhiteElo "2572"]
[BlackElo "2468"]
[EventDate "2004.03.10"]

1. d4 d5 2. c4 c6 3. Nc3 Nf6 4. Nf3 a6 5. cxd5 cxd5 6. Bf4 Nc6 7. Ne5 e6 8.
e3 Nd7 9. Nd3 b5 10. Be2 Bb7 11. O-O Be7 12. a4 b4 13. Na2 O-O 14. a5 Qxa5
15. Naxb4 Qb6 16. Nxc6 Bxc6 17. b4 a5 18. bxa5 Rxa5 19. Rb1 Qa7 20. Ne5
Nxe5 21. Bxe5 Qd7 22. Bd3 Bb5 23. Qg4 g6 24. Bxb5 Rxb5 25. h4 Rxb1 26. Rxb1
Bd6 27. h5 Bxe5 28. dxe5 Qc7 29. Qg5 Qc2 30. Rb4 Qd1+ 31. Kh2 Qxh5+ 32.
Qxh5 gxh5 33. Rh4 f6 34. Rxh5 fxe5 35. Rg5+ Kh8 36. Rxe5 Rxf2 37. Rxe6 Rf5
38. g4 Rg5 39. Kg3 Kg7 40. Kf4 h6 41. Rd6 Kh7 42. Rf6 Rg7 43. Rd6 Rf7+ 44.
Ke5 Rf3 45. Kd4 Rg3 46. Rxd5 Rxg4+ 47. e4 Kg6 48. Rd8 Kf7 49. Kd5 Ke7 50.
Rh8 Rg5+ 51. e5 Rg6 52. Rh7+ Ke8 53. Ke4 Rb6 54. Kf5 Rc6 55. e6 Rc1 1/2-1/2

[Event "It"]
[Site "Miskolc HUN"]
[Date "2004.03.19"]
[Round "9"]
[White "Firman,N"]
[Black "Nevednichy,V"]
[Result "1/2-1/2"]
[WhiteElo "2526"]
[BlackElo "2548"]
[EventDate "2004.03.10"]

1. e4 c5 2. c3 d5 3. exd5 Qxd5 4. d4 Nf6 5. Nf3 e6 6. Be2 Nc6 7. O-O cxd4
8. Nxd4 Nxd4 9. cxd4 Be7 10. Nc3 Qd6 11. Bf3 O-O 12. Be3 Bd7 13. d5 e5 14.
Qb3 a5 15. Rfc1 a4 16. Qd1 h6 17. a3 Qb8 18. Be2 b5 19. Na2 Rd8 20. Nb4
Bxb4 21. axb4 Be8 22. Rc5 Ra6 23. Ra3 Rad6 24. Rd3 Qb7 25. h3 Rxd5 26.
Rdxd5 Rxd5 27. Qc1 Rxc5 28. Qxc5 Qd5 29. Qc8 Qd7 30. Qb8 e4 31. Bf4 Nd5 32.
Bg4 Qc6 33. Bd6 g6 34. Bc5 h5 35. Bc8 Qc7 36. Qa8 Nxb4 37. Bxb4 1/2-1/2